MyGZULibrary

Formal sector employment demand conditions in Zimbabwe : (Record no. 580)

MARC details
000 -LEADER
fixed length control field 00706nam a22002177a 4500
001 - CONTROL NUMBER
control field 2940973
003 - CONTROL NUMBER IDENTIFIER
control field GZU
005 - DATE AND TIME OF LATEST TRANSACTION
control field 20200908084804.0
008 - FIXED-LENGTH DATA ELEMENTS--GENERAL INFORMATION
fixed length control field 890614s1988 rh 000 0 eng
010 ## - LIBRARY OF CONGRESS CONTROL NUMBER
LC control number 89980397
020 ## - INTERNATIONAL STANDARD BOOK NUMBER
International Standard Book Number 0908307071
040 ## - CATALOGING SOURCE
Original cataloging agency DLC
Transcribing agency DLC
Modifying agency DLC
050 00 - LIBRARY OF CONGRESS CALL NUMBER
Classification number DK 264.8 ING 2003
245 00 - TITLE STATEMENT
Title Formal sector employment demand conditions in Zimbabwe :
Remainder of title report of a study /
Statement of responsibility, etc. prepared by A.M. Hawkins ... [et al.].
260 ## - PUBLICATION, DISTRIBUTION, ETC.
Place of publication, distribution, etc. Mount Pleasant, Harare, Zimbabwe :
Name of publisher, distributor, etc. University of Zimbabwe,
Date of publication, distribution, etc. 1988.
300 ## - PHYSICAL DESCRIPTION
Extent vii, 52 p. ;
Dimensions 21 cm.
700 1# - ADDED ENTRY--PERSONAL NAME
Personal name Hawkins, A. M.
906 ## - LOCAL DATA ELEMENT F, LDF (RLIN)
a 7
b cbc
c orignew
d 3
e ncip
f 19
g y-gencatlg
942 ## - ADDED ENTRY ELEMENTS (KOHA)
Koha item type Books
Classification part 264.8
Item part ING
Call number prefix DK
Holdings
Withdrawn status Lost status Damaged status Not for loan Collection code Home library Current library Shelving location Date acquired Total Checkouts Full call number Barcode Date last seen Copy number Price effective from Koha item type
        Non-fiction City Campus Library City Campus Library General Stacks 09/08/2020   DK 264.8 ING 2003 017858 09/08/2020 c-1 09/08/2020 Books